000 00447nam a2200169 i 4500
001 59162
003 ES-MaACL
005 20230906163958.0
007 t|
008 031027s1964 sp ||||1| cat d
100 1 _aElías, Jorge.
_946963
245 1 0 _a10 anys de circ /
_cJordei Elías.
260 _aBarcelona :
_bCirco,
_c[1964]
300 _a242 p. :
_bil. ;
_c24 cm.
740 0 _aDiez anys de circ.
852 _aES-MaACL
_jC-25824
_bR.54435
999 _c59162
_d59162